Papel de la infeccion en la patogenia de la ulcera del estómago (Record no. 163210)
[ view plain ]
| 000 -LEADER | |
|---|---|
| campo de control de longitud fija | 00760nam a22001815i 4500 |
| 001 - NÚMERO DE CONTROL | |
| campo de control | 163210 |
| 003 - IDENTIFICADOR DE NÚMERO DE CONTROL | |
| campo de control | ES-MaACL |
| 005 - FECHA Y HORA DE LA ÚLTIMA TRANSACCIÓN | |
| campo de control | 20230906212708.0 |
| 008 - DATOS DE LONGITUD FIJA--INFORMACIÓN GENERAL | |
| campo de control de longitud fija | 030303s1898 sp |||| | spa d |
| 040 ## - FUENTE DE CATALOGACIÓN | |
| Centro catalogador/agencia de origen | CCPB | B |
| Lengua de catalogación | spa |
| Centro/agencia transcriptor | CCPB | B |
| 100 1# - ENTRADA PRINCIPAL--NOMBRE DE PERSONA | |
| Nombre de persona | Reig Pastor, Francisco. |
| 9 (RLIN) | 131673 |
| 245 10 - MENCIÓN DEL TÍTULO | |
| Título | Papel de la infeccion en la patogenia de la ulcera del estómago |
| Resto del título | : Madrid 1898 / |
| Mención de responsabilidad, etc. | tesis del doctorado en Medicina y cirugía por Francisco Reig Pastor. |
| 260 ## - PUBLICACIÓN, DISTRIBUCIÓN, ETC. | |
| Lugar de publicación, distribución, etc. | Valencia : |
| Nombre del editor, distribuidor, etc. | [s.n., |
| Fecha de publicación, distribución, etc. | s.a.] ( |
| Fabricante | imprenta de Antonio López y C\pa\s) |
| 300 ## - DESCRIPCIÓN FÍSICA | |
| Extensión | 34 p. ; |
| Dimensiones | 24 cm. |
| 500 #1 - NOTA GENERAL | |
| Nota general | Descripción basada en la cub. |
| 650 #4 - PUNTO DE ACCESO ADICIONAL DE MATERIA--TÉRMINO DE MATERIA | |
| Término de materia o nombre geográfico como elemento de entrada | Estómago- |
| Subdivisión general | Enfermedades. |
| 9 (RLIN) | 136069 |
| 852 ## - LOCALIZACIÓN | |
| Ubicación | ES-MaACL |
| Número de control de estantería | T-856-F-12 |
| Nota libre | -- Enc. hol. conservando la original |
| condición física | -- Enc. en un vol. facticio |
| Estatus retirado | Estado de pérdida | Estado de daño | No para préstamo | Colección | Biblioteca de origen | Biblioteca actual | Ubicación en estantería | Fecha de adquisición | Total de préstamos | Signatura topográfica completa | Código de barras | Visto por última vez | Precio de reemplazo | Tipo de ítem Koha |
|---|---|---|---|---|---|---|---|---|---|---|---|---|---|---|
| Colección de folletos | Biblioteca del Ateneo de Madrid | Biblioteca del Ateneo de Madrid | Depósito folletos | 17/01/2008 | T-856-F-12 | 1171023 | 23/02/2023 | 23/02/2023 | Folleto |
